[Event "Lichtenrader Herbst"]
[Site "?"]
[Date "2005.01.01"]
[Round "6"]
[White "Langrock, Hannes"]
[Black "Welz, Peter"]
[Result "1-0"]
[WhiteElo "2430"]
[BlackElo "2164"]
[PlyCount "85"]
[EventDate "2000.??.??"]

1. d4 f5 2. Nf3 Nf6 3. g3 g6 4. Bg2 Bg7 5. O-O O-O 6. Nbd2 d6 7. Re1 c6 8. e4
f4 9. c3 fxg3 10. hxg3 Ng4 11. Qb3+ Kh8 12. Ng5 Qe8 13. f3 Nh6 14. Ne6 Bxe6 15.
Qxe6 Na6 16. Nb3 Nc7 17. Qh3 Ng8 18. Kh2 e5 19. dxe5 dxe5 20. Be3 b6 21. Rad1
Rd8 22. Bf1 Qf7 23. Be2 Nf6 24. Kg2 Nh5 25. Rxd8 Rxd8 26. Rd1 Rxd1 27. Bxd1 Qe6
28. Qxe6 Nxe6 29. Nd2 c5 30. Nc4 b5 31. Nd6 a6 32. a4 bxa4 33. Bxa4 Bf6 34. Bb3
Nhg7 35. Bc4 h5 36. Bxa6 Kh7 37. Bc8 h4 38. Ne8 h3+ 39. Kxh3 Ng5+ 40. Kg4 Nxe8
41. Bxg5 Bg7 42. Be7 Nf6+ 43. Kh3 1-0

[Event "Lichtenrader Herbst"]
[Site "?"]
[Date "2005.01.01"]
[Round "6"]
[White "Reichenbach, Werner"]
[Black "Poppner, Dietmar"]
[Result "1-0"]
[WhiteElo "2310"]
[BlackElo "2156"]
[PlyCount "135"]
[EventDate "2000.??.??"]

1. Nf3 c5 2. g3 Nc6 3. Bg2 g6 4. O-O Bg7 5. c4 d6 6. Nc3 e5 7. a3 Nge7 8. Rb1
a5 9. d3 O-O 10. Ne1 Be6 11. Nd5 a4 12. Bd2 Bxd5 13. cxd5 Nd4 14. b4 axb3 15.
e3 Nc2 16. Rxb3 Nxe1 17. Rxe1 Qd7 18. Qc2 Nc8 19. Reb1 b6 20. e4 f5 21. Bh3 Qf7
22. Bc1 Kh8 23. Qe2 Ra4 24. f3 h5 25. Bd2 Kh7 26. Rf1 Qe8 27. Rfb1 Qe7 28. Be1
Kg8 29. Qc2 Qa7 30. Qa2 Bh6 31. Bf2 Qa6 32. Bf1 Qa7 33. Qb2 Qe7 34. Rc3 Qg5 35.
Qc2 Ra7 36. Bg2 Raf7 37. Qe2 Qd2 38. Rc2 Qxe2 39. Rxe2 Ra7 40. Ra2 Ra4 41. Bh3
Rf7 42. g4 hxg4 43. fxg4 Rfa7 44. gxf5 Rxa3 45. Rxa3 Rxa3 46. f6 Ra8 47. Be6+
Kf8 48. h4 Rb8 49. Kh1 Ne7 50. fxe7+ Kxe7 51. Ra1 Rb7 52. Bc8 Rc7 53. Bg4 b5
54. Kg2 b4 55. Bd1 c4 56. dxc4 Rxc4 57. Ra7+ Kd8 58. Ra6 Kc7 59. Rc6+ Rxc6 60.
dxc6 Kxc6 61. Bb3 Bd2 62. Kf3 Kb5 63. Ke2 Bf4 64. Be3 Bg3 65. Bg5 Kc5 66. Kd3
Kb5 67. Bf7 Ka4 68. Kc2 1-0

[Event "Lichtenrader Herbst"]
[Site "?"]
[Date "2005.01.01"]
[Round "6"]
[White "Trebbin, Wolfhard"]
[Black "Lueders, Gerhard"]
[Result "1/2-1/2"]
[WhiteElo "2114"]
[BlackElo "2229"]
[PlyCount "73"]
[EventDate "2000.??.??"]

1. d4 Nf6 2. g3 d6 3. Bg2 Nbd7 4. Nf3 e5 5. c4 c6 6. dxe5 dxe5 7. O-O Bc5 8.
Nc3 O-O 9. Bg5 Qc7 10. Qc2 h6 11. Bd2 Re8 12. Nh4 Nf8 13. Na4 Be7 14. Nf5 Bxf5
15. Qxf5 Rad8 16. Bc3 Ng6 17. b3 b5 18. Nb2 b4 19. Be1 Bf8 20. Nd3 e4 21. Nf4
Re5 22. Qh3 Rg5 23. Nxg6 Rh5 24. Nh4 Qe5 25. Rb1 g5 26. Qf5 gxh4 27. Qxe5 Rxe5
28. f4 Ra5 29. a4 Bc5+ 30. Kh1 hxg3 31. hxg3 Bd4 32. f5 Bc5 33. Rf4 Bd6 34. Rh4
Rxf5 35. Bxe4 Nxe4 36. Rxe4 Bf8 37. g4 1/2-1/2

[Event "Lichtenrader Herbst"]
[Site "?"]
[Date "2005.01.01"]
[Round "6"]
[White "Issel, Oliver"]
[Black "Hohn, August"]
[Result "1/2-1/2"]
[WhiteElo "2171"]
[BlackElo "2115"]
[PlyCount "62"]
[EventDate "2000.??.??"]

1. d4 Nf6 2. Nf3 e6 3. e3 c5 4. Bd3 cxd4 5. exd4 b6 6. O-O Bb7 7. Bg5 Be7 8. c3
d6 9. Nbd2 O-O 10. Qe2 Nbd7 11. Rfe1 Rc8 12. Ba6 Qc7 13. Bxb7 Qxb7 14. Qb5 a6
15. Qb3 Rc7 16. Re2 Rfc8 17. Rae1 b5 18. Nf1 Nb6 19. Ng3 Nbd5 20. a3 a5 21. Rc1
Qa6 22. Rec2 h6 23. Bxf6 Bxf6 24. Ne4 Be7 25. a4 bxa4 26. Qxa4 Nb6 27. Qa2 Qb5
28. Ned2 a4 29. c4 Qb4 30. Qa3 Qxa3 31. bxa3 f6 1/2-1/2

[Event "Lichtenrader Herbst"]
[Site "?"]
[Date "2005.01.01"]
[Round "6"]
[White "Binder, Thomas"]
[Black "Stippekohl, Peter"]
[Result "0-1"]
[WhiteElo "1740"]
[BlackElo "2166"]
[PlyCount "118"]
[EventDate "2000.??.??"]

1. e4 c6 2. d4 d5 3. Nc3 dxe4 4. Nxe4 Nd7 5. Nf3 Ngf6 6. Nxf6+ Nxf6 7. Be2 Bf5
8. O-O e6 9. Bf4 Be7 10. c3 O-O 11. Ne5 Qb6 12. Nc4 Qd8 13. Ne5 Nd7 14. Qb3
Nxe5 15. Bxe5 Qb6 16. Qxb6 axb6 17. Bf3 b5 18. a3 Rfd8 19. Rad1 Bc2 20. Rd2 Bb3
21. Bd1 Bxd1 22. Rfxd1 Rd5 23. h3 Rad8 24. Bf4 f6 25. Kf1 Kf7 26. Ke2 g5 27.
Be3 f5 28. f3 h5 29. g3 Kg6 30. Bf2 Bf6 31. Rd3 Kf7 32. Be3 Rh8 33. Rh1 Rdd8
34. Rdd1 Kg6 35. h4 g4 36. fxg4 fxg4 37. Bf4 Rd5 38. Rd3 Rhd8 39. Re3 Re8 40.
Re1 Rf5 41. Kd3 Kf7 42. Be5 Bd8 43. Bf4 Bxh4 44. gxh4 Rxf4 45. Re5 Rf5 46. Ke4
Kf6 47. Re3 Rxe5+ 48. dxe5+ Ke7 49. Kf4 Rg8 50. Rd3 Rg7 51. Rg3 c5 52. c4 bxc4
53. Rc3 b5 54. Kg3 Kd7 55. b3 Kc6 56. bxc4 bxc4 57. Rxc4 Kd5 58. Rc2 c4 59. Kf4
Kd4 0-1

[Event "Lichtenrader Herbst"]
[Site "?"]
[Date "2005.01.01"]
[Round "6"]
[White "Chaumont, Adeline"]
[Black "Moehring, Guenther"]
[Result "0-1"]
[WhiteElo "2035"]
[BlackElo "2308"]
[PlyCount "58"]
[EventDate "2000.??.??"]

1. c4 g6 2. g3 Bg7 3. Bg2 Nf6 4. Nc3 O-O 5. d3 d6 6. e3 e5 7. Nge2 c6 8. O-O
Nbd7 9. Rb1 a5 10. a3 Nh5 11. b4 axb4 12. axb4 f5 13. Qc2 Ndf6 14. b5 Bd7 15.
Qb3 Rf7 16. Ba3 Bf8 17. Ra1 f4 18. exf4 exf4 19. bxc6 Bxc6 20. Bxc6 bxc6 21.
Nd4 Qc8 22. Qd1 Ng4 23. h3 Ne5 24. g4 f3 25. Ne4 Nf4 26. Bxd6 Nxh3+ 27. Kh1
Qxg4 28. Ng3 Ng5 29. Nxf3 Nexf3 0-1

[Event "Lichtenrader Herbst"]
[Site "?"]
[Date "2005.01.01"]
[Round "6"]
[White "Meissner, Hans-Juergen"]
[Black "Bubolz, Konstantin"]
[Result "0-1"]
[WhiteElo "2256"]
[BlackElo "2019"]
[PlyCount "54"]
[EventDate "2000.??.??"]

1. e4 e6 2. d4 d5 3. Nc3 Bb4 4. e5 c5 5. a3 Bxc3+ 6. bxc3 Ne7 7. a4 Qc7 8. Nf3
h6 9. Bd3 b6 10. Bb5+ Bd7 11. Bd3 Nbc6 12. O-O O-O 13. Bf4 cxd4 14. cxd4 Nb4
15. Qd2 Nxd3 16. cxd3 Rfc8 17. Bxh6 gxh6 18. Qxh6 Qc3 19. Rad1 Ng6 20. Ng5 Nf8
21. Qf6 Be8 22. h4 Qxd4 23. h5 Nd7 24. Qh6 Qxe5 25. Rfe1 Qg7 26. Rxe6 fxe6 27.
Qxe6+ Bf7 0-1

[Event "Lichtenrader Herbst"]
[Site "?"]
[Date "2005.01.01"]
[Round "6"]
[White "Bartolomaeus, Christian"]
[Black "von Loehneysen, Leonard"]
[Result "1/2-1/2"]
[WhiteElo "2232"]
[BlackElo "2011"]
[PlyCount "74"]
[EventDate "2000.??.??"]

1. e4 c5 2. Nf3 Nc6 3. d4 cxd4 4. Nxd4 Nf6 5. Nc3 e5 6. Ndb5 d6 7. Bg5 a6 8.
Na3 b5 9. Nd5 Be7 10. Bxf6 Bxf6 11. c3 Bg5 12. Nc2 O-O 13. h4 Bh6 14. g4 Bf4
15. Be2 Ne7 16. Ncb4 Bb7 17. Qd3 Nxd5 18. Nxd5 Bxd5 19. Qxd5 Qc7 20. Rd1 Rfd8
21. Rh3 Rab8 22. a3 Rb6 23. Kf1 Rc6 24. Kg2 Rc5 25. Qb3 Qb7 26. Bf3 Qc6 27.
Rhh1 Qc7 28. Rd3 Qe7 29. Rd5 h6 30. Qd1 Rxd5 31. Qxd5 Qe6 32. Bd1 Qxd5 33. exd5
Bc1 34. c4 Bxb2 35. cxb5 axb5 36. Be2 Bxa3 37. Bxb5 Bc5 1/2-1/2

[Event "Lichtenrader Herbst"]
[Site "?"]
[Date "2005.01.01"]
[Round "6"]
[White "Fruebing, Thomas"]
[Black "Gremm, Albert Juergen"]
[Result "1-0"]
[WhiteElo "2211"]
[BlackElo "1972"]
[PlyCount "39"]
[EventDate "2000.??.??"]

1. e4 e5 2. Nf3 Nf6 3. Nc3 Nc6 4. Bb5 Bc5 5. O-O d6 6. d4 exd4 7. Nxd4 Bd7 8.
Bxc6 bxc6 9. Bg5 h6 10. Bh4 g5 11. Bg3 h5 12. e5 h4 13. exf6 Qxf6 14. Re1+ Kd8
15. Be5 dxe5 16. Ne4 Qf4 17. Nxc5 exd4 18. Re4 Qf5 19. Qxd4 Kc8 20. Qxh8+ 1-0

[Event "Lichtenrader Herbst"]
[Site "?"]
[Date "2005.01.01"]
[Round "6"]
[White "Sondermann, Johannes"]
[Black "Apel, Wolfgang"]
[Result "1-0"]
[WhiteElo "2164"]
[BlackElo "1790"]
[PlyCount "101"]
[EventDate "2000.??.??"]

1. e4 c5 2. Nf3 Nc6 3. d3 e6 4. g3 d5 5. Nbd2 Nf6 6. Bg2 Be7 7. O-O O-O 8. Re1
Qc7 9. e5 Nd7 10. Qe2 b5 11. Nf1 Bb7 12. Bf4 d4 13. h4 a5 14. N1h2 a4 15. a3 b4
16. Ng4 Qb6 17. Ng5 Nd8 18. Be4 g6 19. h5 Bxg5 20. Bxg5 Bxe4 21. Qxe4 Qc6 22.
Nf6+ Nxf6 23. Bxf6 Qxe4 24. Rxe4 Nc6 25. Kg2 Rfb8 26. Kf3 bxa3 27. bxa3 Rb2 28.
Ree1 Rab8 29. Rec1 Kf8 30. Ke4 Ke8 31. f4 Na7 32. hxg6 fxg6 33. c3 Re2+ 34. Kf3
Re3+ 35. Kg4 h5+ 36. Kg5 Rxg3+ 37. Kh6 Nc6 38. cxd4 Nxd4 39. Rxc5 Nb3 40. Rb1
Rxd3 41. Rc7 Rd7 42. Rxd7 Kxd7 43. Rd1+ Kc7 44. Kxg6 Rg8+ 45. Kf7 Rg4 46. f5
Nd4 47. Rxd4 Rxd4 48. fxe6 h4 49. e7 Rd7 50. e6 Rxe7+ 51. Kxe7 1-0

[Event "Lichtenrader Herbst"]
[Site "?"]
[Date "2005.01.01"]
[Round "6"]
[White "Zoellner, Rainer"]
[Black "Jaeger, Andre"]
[Result "1/2-1/2"]
[WhiteElo "1874"]
[BlackElo "2153"]
[PlyCount "73"]
[EventDate "2000.??.??"]

1. e4 c5 2. Nc3 Nc6 3. f4 e6 4. Nf3 d5 5. exd5 exd5 6. Bb5 Nf6 7. Qe2+ Be7 8.
Ne5 Qc7 9. O-O O-O 10. Nxc6 bxc6 11. Ba4 Bd6 12. d3 Re8 13. Qf3 Bg4 14. Qg3 Bf5
15. Qf3 Rab8 16. h3 d4 17. Ne2 Nd5 18. Ng3 Bd7 19. Ne4 f5 20. Nxd6 Qxd6 21. Bb3
Kh8 22. Bxd5 cxd5 23. b3 c4 24. Qf2 Qc5 25. b4 Qxb4 26. Qxd4 Qb6 27. Qxb6 Rxb6
28. Ba3 Ra6 29. Bc5 cxd3 30. cxd3 Bb5 31. Rfd1 h6 32. Rd2 Ra4 33. Rb1 a6 34. g3
Kg8 35. Kf2 Kf7 36. a3 Rc8 37. Bb4 1/2-1/2

[Event "Lichtenrader Herbst"]
[Site "?"]
[Date "2005.01.01"]
[Round "7"]
[White "Rabiega, Robert"]
[Black "Federau, Juergen"]
[Result "1-0"]
[WhiteElo "2501"]
[BlackElo "2236"]
[PlyCount "69"]
[EventDate "2000.??.??"]

1. e4 c5 2. Nf3 d6 3. Bc4 Nf6 4. d3 e6 5. Bb3 Be7 6. c3 O-O 7. O-O Nc6 8. Re1
Na5 9. Bc2 e5 10. Nbd2 Nc6 11. Nf1 Qc7 12. Ne3 Bd7 13. Nd5 Nxd5 14. exd5 Nd8
15. d4 cxd4 16. cxd4 Rc8 17. Bb3 Bg4 18. dxe5 dxe5 19. h3 Bxf3 20. Qxf3 Bd6 21.
Be3 Qa5 22. Qf5 Rc7 23. Bc2 g6 24. Qf6 Be7 25. Qxe5 f6 26. Qe4 f5 27. Qd3 Nf7
28. Bb3 Bd6 29. Bd4 Rfc8 30. Bc3 Qb6 31. Qd2 Rd7 32. Re6 Re7 33. Rae1 Rce8 34.
Ba4 Rxe6 35. dxe6 1-0

[Event "Lichtenrader Herbst"]
[Site "?"]
[Date "2005.01.01"]
[Round "7"]
[White "Kalinitschew, Sergey"]
[Black "Hahlbohm, Matthias"]
[Result "1-0"]
[WhiteElo "2478"]
[BlackElo "2102"]
[PlyCount "121"]
[EventDate "2000.??.??"]

1. d4 d5 2. c4 e6 3. Nc3 f5 4. Bf4 c6 5. Nf3 Nf6 6. e3 Bd6 7. Bd3 Bxf4 8. exf4
O-O 9. O-O Ne4 10. Qb3 Nd7 11. Rfe1 Ndf6 12. Re2 a6 13. c5 Qc7 14. Ne5 Nd7 15.
Na4 h6 16. f3 Nef6 17. Ng6 Re8 18. Rae1 Kf7 19. Ne5+ Nxe5 20. Rxe5 Bd7 21. Nb6
Rad8 22. Qc2 Bc8 23. Qe2 g6 24. a4 h5 25. b4 Re7 26. b5 axb5 27. axb5 Rde8 28.
Ra1 Nd7 29. Nxd7 Bxd7 30. b6 Qd8 31. Qe1 Bc8 32. Ra8 Rd7 33. h4 Qf6 34. Qf2
Rdd8 35. Ra7 Re7 36. Re1 Kg7 37. Rea1 Kh6 38. g3 Ree8 39. Qe3 Re7 40. Kf2 Rf8
41. Ra8 Kh7 42. Rb8 Qh8 43. Ra7 Kh6 44. Ke2 Qg7 45. Kd2 Qf6 46. Kc3 Kh7 47. Qe1
Kh6 48. Qe3 Kg7 49. Kd2 Kg8 50. Raa8 Ree8 51. Qe5 Qxe5 52. fxe5 Kf7 53. Ke3 Rg8
54. Kf4 Rh8 55. Kg5 Rhg8 56. Ba6 bxa6 57. b7 Bxb7 58. Rxb7+ Kf8 59. Rxe8+ Kxe8
60. Kf6 a5 61. Rb8+ 1-0

[Event "Lichtenrader Herbst"]
[Site "?"]
[Date "2005.01.01"]
[Round "7"]
[White "Teschke, Olaf"]
[Black "Mikhaletz, Lubomir"]
[Result "1/2-1/2"]
[WhiteElo "2236"]
[BlackElo "2451"]
[PlyCount "123"]
[EventDate "2000.??.??"]

1. e4 e6 2. d4 d5 3. Nc3 Bb4 4. e5 c5 5. a3 Ba5 6. b4 cxd4 7. Qg4 Ne7 8. bxa5
dxc3 9. Qxg7 Rg8 10. Qxh7 Nbc6 11. Nf3 Qc7 12. Bf4 Bd7 13. a6 b6 14. Bg3 O-O-O
15. Qd3 d4 16. Qe4 Nf5 17. Bb5 Na5 18. Qa8+ Qb8 19. Qxb8+ Kxb8 20. Bd3 Bc6 21.
O-O-O Nxg3 22. fxg3 Rg4 23. Rdf1 Be4 24. Ne1 Bg6 25. Rf4 Rg5 26. Bxg6 fxg6 27.
Nd3 Nc4 28. Rf7 Nxe5 29. Rb7+ Ka8 30. Nb4 Rd7 31. Nc6 Rxb7 32. axb7+ Kxb7 33.
Nxd4 Ng4 34. Ne2 Rc5 35. Rd1 Nxh2 36. Rd3 Ng4 37. Nxc3 Ne5 38. Re3 Kc6 39. Ne4
Ra5 40. Nd2 Kd5 41. Nf3 Kd6 42. Nxe5 Rxe5 43. Rd3+ Rd5 44. Rf3 b5 45. Kb2 a5
46. Kb3 Rd4 47. Rf4 Kd5 48. c3 a4+ 49. Kc2 Rxf4 50. gxf4 Ke4 51. g3 Kf3 52. Kd3
Kxg3 53. Ke3 Kh3 54. Kd3 Kh4 55. Kd4 Kh5 56. Ke5 Kh4 57. Kd4 Kh3 58. Kd3 Kg2
59. Ke2 Kh1 60. Kd1 Kg1 61. Ke1 Kh2 62. Kd2 1/2-1/2

[Event "Lichtenrader Herbst"]
[Site "?"]
[Date "2005.01.01"]
[Round "7"]
[White "Geller, Jakov"]
[Black "Langrock, Hannes"]
[Result "1-0"]
[WhiteElo "2469"]
[BlackElo "2430"]
[PlyCount "66"]
[EventDate "2000.??.??"]

1. e4 e6 2. d4 d5 3. Nc3 dxe4 4. Nxe4 Nd7 5. Nf3 Ngf6 6. Nxf6+ Nxf6 7. c3 Be7
8. Bd3 O-O 9. Bg5 b6 10. Qe2 Bb7 11. Ne5 Qd5 12. f3 Qd6 13. O-O-O c5 14. Bc2
Rfd8 15. h4 cxd4 16. Rxd4 Qc5 17. Rhd1 Rxd4 18. Rxd4 Rd8 19. Bxf6 Bxf6 20. Nd7
Bxd4 21. Nxc5 Bxc5 22. Be4 Bc8 23. f4 h5 24. b4 Bd6 25. g3 g6 26. Kc2 Kf8 27.
Bc6 Ke7 28. Qb5 f6 29. Be4 f5 30. Bc6 Kf6 31. Qd3 Bc7 32. Qe3 Ba6 33. c4 Kf7
1-0

[Event "Lichtenrader Herbst"]
[Site "?"]
[Date "2005.01.01"]
[Round "7"]
[White "Stippekohl, Peter"]
[Black "Meister, Yakov"]
[Result "0-1"]
[WhiteElo "2166"]
[BlackElo "2490"]
[PlyCount "106"]
[EventDate "2000.??.??"]

1. Nf3 Nf6 2. c4 e6 3. e3 b6 4. b3 Bb7 5. Bb2 Be7 6. Be2 O-O 7. O-O d5 8. d3 c5
9. Nbd2 Nc6 10. a3 Qc7 11. Rc1 Rac8 12. Qc2 Qb8 13. Qb1 Rfd8 14. Rfd1 h6 15.
Qa1 Ne8 16. Ne5 Nxe5 17. Bxe5 Bd6 18. Nf3 Bxe5 19. Nxe5 d4 20. Nf3 Nf6 21. e4
Nd7 22. Ne1 f5 23. exf5 exf5 24. Bf3 Ne5 25. Bxb7 Qxb7 26. b4 Rd6 27. bxc5 bxc5
28. Rb1 Rb6 29. Rxb6 axb6 30. Rb1 Ra8 31. Rb3 Re8 32. h3 Re6 33. Qd1 Ng6 34.
Kf1 Qe7 35. Rb1 Qd6 36. Kg1 Nf4 37. Qf3 Ne2+ 38. Kh1 Nc3 39. Ra1 Qe5 40. Qa8+
Kh7 41. Nf3 Qf6 42. a4 Re2 43. a5 bxa5 44. Rxa5 Nd1 45. Ra6 Qf7 46. Qd8 Nxf2+
47. Kh2 Nxd3 48. Ra8 Qe6 49. Qh8+ Kg6 50. Nh4+ Kh5 51. Qxg7 Qd6+ 52. Qg3 Qxg3+
53. Kxg3 f4+ 0-1

[Event "Lichtenrader Herbst"]
[Site "?"]
[Date "2005.01.01"]
[Round "7"]
[White "Figura, Atila Gajo"]
[Black "Reichenbach, Werner"]
[Result "1/2-1/2"]
[WhiteElo "2277"]
[BlackElo "2310"]
[PlyCount "24"]
[EventDate "2000.??.??"]

1. d4 Nf6 2. c4 e6 3. Nc3 Bb4 4. Qc2 c5 5. dxc5 Nc6 6. Nf3 O-O 7. Bg5 h6 8. Bh4
Qa5 9. Nd2 Qxc5 10. Bxf6 gxf6 11. a3 Qa5 12. Nde4 f5 1/2-1/2

[Event "Lichtenrader Herbst"]
[Site "?"]
[Date "2005.01.01"]
[Round "7"]
[White "Hohn, August"]
[Black "Fruebing, Thomas"]
[Result "1/2-1/2"]
[WhiteElo "2115"]
[BlackElo "2211"]
[PlyCount "63"]
[EventDate "2000.??.??"]

1. c4 e6 2. Nc3 b6 3. e4 Bb7 4. d3 d5 5. cxd5 exd5 6. exd5 Bxd5 7. Nxd5 Qxd5 8.
Be2 Qa5+ 9. Bd2 Bb4 10. Bf3 c6 11. Rc1 Ne7 12. a3 Bxd2+ 13. Qxd2 Qxd2+ 14. Kxd2
O-O 15. Ne2 Rd8 16. Rhd1 a6 17. d4 Ra7 18. Ke1 Rad7 19. b3 Rd6 20. Rc3 g6 21.
Rdc1 Kg7 22. g3 a5 23. R3c2 Rf6 24. Bg2 Re6 25. Kf1 Rf6 26. Ke1 Rfd6 27. Bf3
Re8 28. Kf1 Rf6 29. Bg2 Nf5 30. Kg1 Rd6 31. Kf1 Rf6 32. Kg1 1/2-1/2

[Event "Lichtenrader Herbst"]
[Site "?"]
[Date "2005.01.01"]
[Round "7"]
[White "Manukian, Artak"]
[Black "Issel, Oliver"]
[Result "1-0"]
[WhiteElo "2113"]
[BlackElo "2171"]
[PlyCount "63"]
[EventDate "2000.??.??"]

1. e4 e6 2. d4 d5 3. e5 c5 4. c3 Qb6 5. Nf3 Nc6 6. a3 f6 7. Bd3 fxe5 8. dxe5
Bd7 9. b4 O-O-O 10. O-O Nh6 11. Be3 Nf7 12. bxc5 Bxc5 13. Bxc5 Qxc5 14. Qe2 g5
15. Bb5 g4 16. Bxc6 gxf3 17. Bxd7+ Kxd7 18. gxf3 Rhg8+ 19. Kh1 Ng5 20. Nd2 Nh3
21. Rab1 Kc8 22. Rb4 Rg7 23. Rh4 Ng5 24. Rg1 Rdg8 25. Qe3 Qxa3 26. Rhg4 Rg6 27.
Rxg5 Rxg5 28. Rxg5 Rxg5 29. Qxg5 Qxc3 30. Qg8+ Kd7 31. Qf7+ Kd8 32. Qf8+ 1-0

[Event "Lichtenrader Herbst"]
[Site "?"]
[Date "2005.01.01"]
[Round "7"]
[White "Salzberg, Gregor"]
[Black "Jaeschke, Jens-Uwe"]
[Result "1/2-1/2"]
[WhiteElo "2101"]
[BlackElo "2164"]
[PlyCount "42"]
[EventDate "2000.??.??"]

1. e4 c5 2. Nf3 d6 3. d4 cxd4 4. Nxd4 Nf6 5. Nc3 g6 6. f4 Bg7 7. Be2 O-O 8. O-O
Nc6 9. Nb3 Bd7 10. Be3 Na5 11. Nxa5 Qxa5 12. Bf3 Bc6 13. Nd5 Nxd5 14. exd5 Bd7
15. Bd4 Rac8 16. c3 Bxd4+ 17. Qxd4 Qc5 18. Qxc5 Rxc5 19. Rfe1 Re8 20. Rad1 Kf8
21. Rd4 h5 1/2-1/2

[Event "Lichtenrader Herbst"]
[Site "?"]
[Date "2005.01.01"]
[Round "7"]
[White "Bubolz, Konstantin"]
[Black "Sondermann, Johannes"]
[Result "1/2-1/2"]
[WhiteElo "2019"]
[BlackElo "2164"]
[PlyCount "33"]
[EventDate "2000.??.??"]

1. d4 Nf6 2. c4 c5 3. d5 b5 4. cxb5 a6 5. f3 e6 6. e4 d6 7. Nc3 Bb7 8. Bg5 Be7
9. bxa6 Bxa6 10. Bxa6 Nxa6 11. dxe6 fxe6 12. Nge2 h6 13. Bh4 Nc7 14. O-O d5 15.
exd5 exd5 16. Nf4 Kf7 17. Bxf6 1/2-1/2

[Event "Lichtenrader Herbst"]
[Site "?"]
[Date "2005.01.01"]
[Round "7"]
[White "Ziabari, Morteza"]
[Black "Jenull, Marco"]
[Result "0-1"]
[WhiteElo "1943"]
[BlackElo "2156"]
[PlyCount "130"]
[EventDate "2000.??.??"]

1. e4 e5 2. Nf3 Nc6 3. Bc4 Nf6 4. Ng5 d5 5. exd5 Na5 6. Bb5+ Bd7 7. Qe2 Be7 8.
Bxd7+ Qxd7 9. c4 O-O 10. d3 b6 11. O-O Rfe8 12. Nc3 Rad8 13. a3 Nb3 14. Rb1
Nxc1 15. Rfxc1 Nxd5 16. Nxd5 Bxg5 17. Rd1 c6 18. Ne3 Bxe3 19. fxe3 Re6 20. Rd2
Rd6 21. Rbd1 c5 22. e4 a6 23. b3 f6 24. Qe3 Rd4 25. Qg3 b5 26. h4 Kh8 27. h5
Qc7 28. Qe3 h6 29. Rf1 Qd7 30. Rf3 Qg4 31. Rf5 bxc4 32. bxc4 Rb8 33. Qf3 Rb1+
34. Kf2 Qh4+ 35. Ke3 Qe1+ 36. Qe2 Qc1 37. Kf2 Qxa3 38. Qf3 Qc1 39. Qe2 a5 40.
Kg3 Qe1+ 41. Qxe1 Rxe1 42. Rf3 Rexe4 43. Ra2 Rg4+ 44. Kf2 e4 45. dxe4 Rdxe4 46.
Rxa5 Rxc4 47. Ra8+ Kh7 48. g3 Rg5 49. Ra7 Rc2+ 50. Kg1 c4 51. Rxf6 Rxg3+ 52.
Kf1 Rh3 53. Kg1 Rxh5 54. Rff7 Rg5+ 55. Kf1 h5 56. Rf4 c3 57. Rc7 Rb5 58. Re4
Kh6 59. Re6+ g6 60. Re1 h4 61. Kg1 h3 62. Kh1 Rbb2 63. Rc8 Rh2+ 64. Kg1 Rbg2+
65. Kf1 Rh1# 0-1

[Event "Lichtenrader Herbst"]
[Site "?"]
[Date "2005.01.01"]
[Round "7"]
[White "Niehaus, Frank"]
[Black "Wolf, Christian"]
[Result "1-0"]
[WhiteElo "2252"]
[BlackElo "2087"]
[PlyCount "55"]
[EventDate "2000.??.??"]

1. e4 c5 2. Nf3 Nc6 3. d4 cxd4 4. Nxd4 Nf6 5. Nc3 e5 6. Ndb5 d6 7. Bg5 a6 8.
Na3 b5 9. Nd5 Be7 10. Bxf6 Bxf6 11. c4 b4 12. Nc2 a5 13. g3 O-O 14. Bg2 Be6 15.
O-O Rc8 16. Qd3 Bxd5 17. cxd5 Nb8 18. a3 Qc7 19. Ne3 Bg5 20. axb4 Bxe3 21. Qxe3
axb4 22. Bh3 Rcd8 23. Ra7 Qc2 24. b3 Qc5 25. Qxc5 dxc5 26. Rc1 Rc8 27. Bxc8
Rxc8 28. Ra4 1-0

[Event "Lichtenrader Herbst"]
[Site "?"]
[Date "2005.01.01"]
[Round "7"]
[White "Schueler, Wolfgang"]
[Black "Bartolomaeus, Christian"]
[Result "1-0"]
[WhiteElo "2072"]
[BlackElo "2232"]
[PlyCount "75"]
[EventDate "2000.??.??"]

1. e4 d6 2. d4 Nf6 3. Nc3 g6 4. Be3 Bg7 5. f3 c6 6. Qd2 b5 7. a4 b4 8. Nd1 a5
9. c4 Nbd7 10. Rc1 c5 11. d5 h5 12. Nh3 Nb6 13. b3 Bxh3 14. gxh3 Qc7 15. h4
O-O-O 16. Bh3+ Kb7 17. Ke2 Nbd7 18. Nf2 Ne5 19. Bg5 Rde8 20. Nd3 Nxd3 21. Kxd3
Nd7 22. Kc2 Nb6 23. Rcd1 Ra8 24. Kb1 Qd8 25. Ka2 Rb8 26. Rb1 Ka6 27. Qc2 Rb7
28. Bc1 Qe8 29. Bb2 f6 30. Bc1 Nxa4 31. bxa4 b3+ 32. Rxb3 Qxa4+ 33. Ba3 Rb4 34.
Rc3 f5 35. Qxa4 Rxa4 36. Rb3 fxe4 37. fxe4 Rxc4 38. Bf1 1-0

[Event "Lichtenrader Herbst"]
[Site "?"]
[Date "2005.01.01"]
[Round "7"]
[White "Welz, Peter"]
[Black "Decker, Nils"]
[Result "1-0"]
[WhiteElo "2164"]
[BlackElo "2031"]
[PlyCount "79"]
[EventDate "2000.??.??"]

1. e4 c5 2. Nc3 Nc6 3. g3 g6 4. Bg2 Bg7 5. d3 d6 6. Be3 Nd4 7. Qd2 Qa5 8. f4
Rb8 9. Nf3 Bg4 10. O-O b5 11. Qf2 Nxf3+ 12. Bxf3 Bh3 13. Rfe1 b4 14. Nd1 e5 15.
g4 h5 16. gxh5 gxh5 17. Qg3 Bg4 18. Bxg4 hxg4 19. Qxg4 Nh6 20. Qf3 Qd8 21. Kh1
Qh4 22. Rg1 Ng4 23. h3 Qxh3+ 24. Qxh3 Rxh3+ 25. Kg2 Rh7 26. f5 Ke7 27. Kf3 Nh2+
28. Ke2 Rbh8 29. Rg2 Bf6 30. Nf2 Rh5 31. a3 a5 32. axb4 axb4 33. Ra7+ Ke8 34.
b3 R5h7 35. Nd1 Rh3 36. Nb2 Be7 37. Nc4 f6 38. Ra8+ Bd8 39. Rg7 Kf8 40. Rd7 1-0

[Event "Lichtenrader Herbst"]
[Site "?"]
[Date "2005.01.01"]
[Round "7"]
[White "Bandow, Alexander"]
[Black "Koerner, Helmut"]
[Result "0-1"]
[WhiteElo "2159"]
[BlackElo "1965"]
[PlyCount "99"]
[EventDate "2000.??.??"]

1. e4 d5 2. exd5 Nf6 3. d4 Nxd5 4. c4 Nb6 5. b3 e5 6. Nf3 exd4 7. Qxd4 Bb4+ 8.
Bd2 Qe7+ 9. Qe5 Bxd2+ 10. Nbxd2 Nc6 11. Qxe7+ Nxe7 12. Nd4 Bd7 13. a4 O-O-O 14.
a5 Na8 15. f4 Nf5 16. Nxf5 Bxf5 17. O-O-O Rhe8 18. h3 h5 19. Rg1 Re3 20. g4
Rc3+ 21. Kb2 Rc2+ 22. Ka3 Be4 23. Bg2 Bxg2 24. Rxg2 hxg4 25. hxg4 c5 26. Rf2 b6
27. Ne4 Rxd1 28. Rxc2 Nc7 29. axb6 axb6 30. Rf2 f6 31. f5 Na6 32. Nc3 Rg1 33.
Rf4 Nb4 34. Ka4 Kb7 35. Kb5 Rg3 36. Na4 Rxb3 37. Nxc5+ bxc5 38. Ka4 Rg3 39. Re4
Nc6 40. Kb5 Ne5 41. Kxc5 Kc7 42. Kd5 Kd7 43. Re2 Rxg4 44. c5 Rg5 45. Ra2 Nc6
46. Rf2 Rg4 47. Rf4 Nb4+ 48. Ke4 Rxf4+ 49. Kxf4 Kc6 50. Kg4 0-1

[Event "Lichtenrader Herbst"]
[Site "?"]
[Date "2005.01.01"]
[Round "7"]
[White "Poppner, Dietmar"]
[Black "Zoellner, Rainer"]
[Result "1-0"]
[WhiteElo "2156"]
[BlackElo "1874"]
[PlyCount "89"]
[EventDate "2000.??.??"]

1. b3 e5 2. Bb2 Nc6 3. e3 Nf6 4. Bb5 d6 5. Nf3 Bd7 6. d4 exd4 7. Nxd4 Ne5 8.
Be2 Be7 9. Nf3 Nc6 10. Nc3 O-O 11. a3 Re8 12. h3 Bf8 13. g4 a6 14. g5 Ne4 15.
Nxe4 Rxe4 16. Bd3 Re7 17. c4 Ne5 18. Nxe5 dxe5 19. Qc2 g6 20. Be4 Qc8 21. O-O-O
Bg7 22. h4 c6 23. h5 Bg4 24. hxg6 Bxd1 25. gxh7+ Kh8 26. Qxd1 Qd7 27. Qe2 Rd8
28. f4 f5 29. gxf6 Bxf6 30. Bc2 Bg7 31. Qf3 Qe6 32. Qe4 Rde8 33. Rg1 Qh3 34.
Bc3 Qh2 35. Qg6 Qh6 36. Qxh6 Bxh6 37. Kb2 Bg7 38. Bg6 exf4 39. Bxe8 Bxc3+ 40.
Kxc3 Rxe8 41. Rg8+ Rxg8 42. hxg8=Q+ Kxg8 43. exf4 Kf7 44. Kd4 b6 45. Ke5 1-0

[Event "Lichtenrader Herbst"]
[Site "?"]
[Date "2005.10.08"]
[Round "8"]
[White "Kalinitschew, Sergey"]
[Black "Rabiega, Robert"]
[Result "1/2-1/2"]
[WhiteElo "2478"]
[BlackElo "2501"]
[PlyCount "21"]
[EventDate "2005.??.??"]

1. c4 e6 2. Nc3 d5 3. d4 Nf6 4. cxd5 exd5 5. Bg5 c6 6. e3 Be7 7. Bd3 Nbd7 8. h3
O-O 9. Nf3 Re8 10. Qc2 Nf8 11. Bf4 1/2-1/2